000 01166nam a2200301 i 4500
003 EG-GICUC
005 20260127132535.0
008 260127s2007 ua |||fr|||| 00| 0 ara d
017 _a2007/21959
040 _a EG-GICUC
_bara
_c EG-GICUC
_d EG-GICUC
_erda
041 _aara
082 0 4 _221
_a343.7674
_bإ ب . ن
092 0 4 _221
099 _aLaw1 10 343.7674 إ ب . ن2007
100 0 _aإبراهيم محمد على
_eمؤلف.
245 1 2 _aالنظام القانونى لمعاملة المسجونين فى مصر :
_bدراسة مقارنة /
_cتأليف الدكتور إبراهيم محمد على.
264 1 _aالقاهرة :
_bدار النهضة العربية،
_c2007.
300 _a476 صفحة ;
_c24 سم.
336 _2rda content
_atext
337 _2rda media
_aComputer
338 _2rda carrier
_aOnline Resource
504 _aيشتمل على إرجاعات ببليوجرافية.
650 1 _aالقانون الجنائي
651 1 _2حقوق النزلاء أثناء المعاملة العقابية
856 4 0 _uhttps://fll.law.cu.edu.eg/fulltext/bks/B10-08033.pdf
905 _a43
942 _2ddc
_n0
_cBK
_e21
999 _c59578
_d59578